000 01078nam a22002891c 4500
001 EBC5621961
008 200825s2019 gw |||| 000u eng d
020 _a9780252042195
_a978-0-252-08399-0
_a978-0-252-05093-0
_9978-0-252-04219-5
041 _aeng
100 1 _aBaum, Jacob M.
245 0 0 _aReformation of the senses :
_bthe paradox of religious belief and practice in Germany /
_cJacob M. Baum
264 _aUrbana ; Chicago ; Springfield :
_bUniversity of Illinois Press,
_c[2019]
300 _a1 Online-Ressource (ix, 296 Seiten)
336 _aText
_btxt
_2rdacontent
337 _aComputermedien
_bc
_2rdamedia
338 _aOnline-Ressource
_bcr
_2rdacarrier
500 _aE-Book-ProQuest / Fernzugriff nach Registrierung möglich
650 0 _aReligiöses Leben
650 0 _aFrömmigkeit
650 0 _aReligionsausübung
655 0 _aFernzugriff
856 4 _uhttps://ebookcentral.proquest.com/lib/maxweberstiftung-ebooks/detail.action?docID=5621961
942 _cEB
040 _cRU-10907106
003 RU-10907106
999 _c54797
_d54797
490 0 _aStudies in sensory history